Biggest European Cities that start with Vowels on a Map - Statistics

General Stats
  • This quiz has been taken 546 times
  • The average score is 18 of 30
Answers on the Map
Answers color-coded by a green-red scale on the quiz's map according to % correct below.
 
Answer Stats
Population City % Correct
15,113,808 İstanbul
98%
697,010 Oslo
98%
872,922 Amsterdam
97%
664,046 Athens
96%
504,020 Edinburgh
95%
529,247 Antwerp
92%
1,017,699 Odessa
89%
352,751 Aarhus
85%
582,760 Essen
80%
248,960 Aachen
75%
337,482 Alicante
74%
359,376 Utrecht
71%
235,707 Eindhoven
65%
247,604 A Coruña
63%
1,125,933 Ufa
62%
296,582 Augsburg
59%
292,796 Espoo
58%
284,982 Ostrava
58%
344,927 Arkhangelsk
55%
524,371 Astrakhan
50%
290,422 Iași
47%
572,819 Orenburg
42%
234,765 Elche
39%
237,686 Ivano-Frankivsk
34%
646,468 Izhevsk
30%
625,462 Ulyanovsk
30%
401,505 Ivanovo
29%
303,696 Oryol
29%
224,814 Orsk
25%
226,143 Engels
19%
No matching quizzes found
Score Distribution
Percent of People with Each Score
Percentile by Number Answered
Your Score History
You have not taken this quiz